Rights to privacy : (Record no. 90561)

MARC details
000 -LEADER
fixed length control field 00650nam a22002057a 4500
005 - DATE AND TIME OF LATEST TRANSACTION
control field 20150107111913.0
010 ## - LCCN (DPL NO)
LC control number ENG-111503
020 ## - INTERNATIONAL STANDARD BOOK NUMBER
International Standard Book Number 9788174878328
Terms of availability 750.00
020 ## - INTERNATIONAL STANDARD BOOK NUMBER
International Standard Book Number 8174878327
Terms of availability 750.00
035 ## - SYSTEM CONTROL NUMBER
System control number EN-95035
037 ## - SOURCE OF ACQUISITION
Source of stock number/acquisition DBAD/PUB
082 ## - DEWEY DECIMAL CLASSIFICATION NUMBER
Classification number 323.448
100 ## - MAIN ENTRY--PERSONAL NAME
Personal name Bhardwaj,Kalpana
245 ## - TITLE STATEMENT
Title Rights to privacy :
Statement of responsibility, etc by Kalpana Bhardwaj
Remainder of title emerging dimension of personal liberty /
260 ## - PUBLICATION, DISTRIBUTION, ETC. (IMPRINT)
Place of publication, distribution, etc New Delhi
Name of publisher, distributor, etc Radha Publications
Date of publication, distribution, etc 2013
270 ## - ADDRESS
Address 4231/1,Ansari Road,Daryaganj
City New Delhi
Postal code 110002
300 ## - PHYSICAL DESCRIPTION
Extent 300p.
Dimensions 22cm(Hb)
500 ## - GENERAL NOTE
General note Includes bibliographical references
942 ## - ADDED ENTRY ELEMENTS (KOHA)
Source of classification or shelving scheme Dewey Decimal Classification
Item type English Books
Call number suffix BHA
Classification part 323.448
Holdings
Withdrawn status Lost status Not for loan Collection code Home library Current library Date acquired Source of acquisition Cost, normal purchase price Full call number Barcode Copy number Cost, replacement price Koha item type
    Not For Loan Non-fiction D.B.Act.Division D.B.Act.Division 06/01/2015 DBAD / PUB 750.00 B323.448 BHA EN-95035 1 750.00 English Books

© Delhi Public Library
Hit Counter
free hit counter